Statistiques concernant Quiz sur les Sneakers

Cliquez ici pour prendre le quiz!

Statistiques générales

  • Ce quiz a été pris 518 fois
  • Le résultat moyen est 7 sur 16

Statistiques - réponses

Réponse% Correct
Jordan 1
89%
Yeezy Slide
69%
Air force 1
65%
Jordan 4
61%
Stan Smith
57%
Yeezy FOAM
54%
2002R
52%
Jordan 12
46%
Jordan 7
43%
Gazelle
37%
Yeezy 700
36%
Campus 00S
25%
Yeezy 350 V2
22%
Ugg Tasman
21%
Yeezy 500
15%
Superstars
10%

Distribution des résultats

Percentile par nombre de réponses

% des personnes avec chaque résultat

Votre développement - résultats

Vous n’avez pas pris ce quiz